| 000 | 02077cam a22004694i 4500 | ||
|---|---|---|---|
| 003 | PE-LiUPU | ||
| 005 | 20250731184536.0 | ||
| 008 | 171121s2014 gw b r0 001 0 eng d | ||
| 020 | _a9788483632543 | ||
| 035 | _a(Sirsi) a240167 | ||
| 040 |
_aPE-LIUPU _bspa _cPE-LIUPU _erda |
||
| 082 | 0 | 4 |
_a912.0285 _bT36 _221 |
| 100 | 1 |
_aTemes Cordovez, Rafael Ramón, _eautor. |
|
| 245 | 1 | 0 |
_aAplicaciones Informáticas al proyecto urbano / _cRafael Ramón Temes Cordovez y Alfonso Moya Fuero. |
| 264 |
_aEspaña : _bUniversidad Politécnica de Valencia, _c2008. |
||
| 300 |
_a240 páginas : _bilustraciones ; _c22 centímetros |
||
| 336 |
_atext _2rdacontent |
||
| 337 |
_aunmediated _2rdamedia |
||
| 338 |
_avolume _2rdacarrier |
||
| 505 | 0 | _aDe la realidad al dibujo -- Localizacion, orientación, proyección y contenido de un mapa -- Las aproximaciones a la realidad -- Trabajos vinculado con recursos cartográficos en la red -- Formación de una serie cartográfica a partir de aplicaciones bookmap -- Moderación fotográfica y análisis de superficies con arcscene -- Cálculo de volumen y representación de desmontes y terraplenes -- El trazo de un camino -- Realización de videos para la visualización de un territorio o una ciudad a partir de cartografía 3D. | |
| 526 | _aP136 | ||
| 526 | _aP135 | ||
| 526 | _aP134 | ||
| 526 | _aP133 | ||
| 526 | _aP144 | ||
| 526 | _aP143 | ||
| 526 | _aP87 | ||
| 526 | _aP35 | ||
| 526 | _aP20 | ||
| 526 | _aP14 | ||
| 526 | _aP10 | ||
| 526 | _aP06 | ||
| 526 | 8 |
_iPrograma académico : _5PE-LiUPU |
|
| 541 | _g003-1760; | ||
| 650 | 1 | 4 |
_aUrbanismo. _93430 |
| 650 | 2 | 4 | _aDiseño asistido por ordenador. |
| 700 | 1 |
_aMoya Fuero, Alfonso, _eautor. |
|
| 910 |
_adbm _bksl _cksl _d20171121 |
||
| 596 | _a1 | ||
| 942 |
_2ddc _cBOOK |
||
| 999 |
_a912.0285 T36 _wLC _c25828 _i77077 _d25828 _f2021-11-10 _g4 _lCCODEBUL1 _mBUL _p47.75 _q1 _r0 _sY _tBOOK _u2017-11-21 _xINGENIERIA _PP06 _0COMPRA _o.STAFF. Colección Ingeniería y Arquitectura |
||
| 980 |
_81 _gALBERTO SANCHEZ Responsable de Automatización |
||